000 01032nam a22002777a 4500
001 7520
003 FISKH
005 20250723095528.0
008 250723b cb ||||| |||| 00| 0 eng d
020 _a9780803733114
040 _aFISKH
_beng
_cFISKH
_dFISKH
050 _aPZ7.T21783 R
082 _a419
100 _aTaylor, Sean
245 _aThe ring went zing ! :
_bA story that ends with a kiss /
_cSean Taylor ; Illustrated by Jill Barton
260 _aNew York :
_bPenguin Group,
_c2010.
300 _a36 unnumbered pages :
_bcolor illustrations ;
_c30 cm
505 _aE
520 _aA frog, in love with a chicken, buys her a golden ring, but when the ring falls and skips away, they begin to chase after it, joined along the way by a jogging swan, a motorcycling sausage dog, and other helpful creatures.
521 8 _a160
_bLexile estimate
521 8 _aE
_bRaz-Plus
650 _aDiversity
_vFriendship
_xHumor
650 _aPerseverance
_vPicture Book
942 _2ddc
_cBK
_n0
999 _c7520
_d7520